<?xml version="1.0" encoding="UTF-8"?>
<record
    xmlns:xsi="http://www.w3.org/2001/XMLSchema-instance"
    xsi:schemaLocation="http://www.loc.gov/MARC21/slim http://www.loc.gov/standards/marcxml/schema/MARC21slim.xsd"
    xmlns="http://www.loc.gov/MARC21/slim">

  <leader>02159nam a2200289 i 4500</leader>
  <controlfield tag="001">BPP</controlfield>
  <controlfield tag="003">KOSZ 005</controlfield>
  <controlfield tag="005">20171116091527.0</controlfield>
  <controlfield tag="008">150213s1981    pl     f     |000 0 pol</controlfield>
  <datafield tag="040" ind1=" " ind2=" ">
    <subfield code="c">BPK</subfield>
  </datafield>
  <datafield tag="080" ind1=" " ind2=" ">
    <subfield code="a">624.012.4</subfield>
  </datafield>
  <datafield tag="100" ind1=" " ind2=" ">
    <subfield code="a">PI&#x104;TEK, Zdzis&#x142;aw.</subfield>
    <subfield code="d">1970 - 1996.</subfield>
    <subfield code="b">Wy&#x17C;sza Szko&#x142;a In&#x17C;ynierska w Koszalinie - Instytut Budownictwa L&#x105;dowego, </subfield>
    <subfield code="c">Zak&#x142;ad Konstrukcji Betonowych</subfield>
  </datafield>
  <datafield tag="245" ind1=" " ind2=" ">
    <subfield code="a">Zastosowanie piaskobeton&#xF3;w do prefabrykat&#xF3;w budowlanych produkowanych konwencjonalnie :</subfield>
    <subfield code="b">stany graniczne no&#x15B;no&#x15B;ci i u&#x17C;ytkowania zginanych element&#xF3;w belkowych i p&#x142;ytowych wykonanych z piaskobetonu /</subfield>
    <subfield code="c">Zdzis&#x142;aw Pi&#x105;tek, Ewa Bartnik, Waldemar Bierut, Waldemar Borjaniec, Ryszard Kamyno, Krzysztof Kuncer, Adam Szyszko.</subfield>
  </datafield>
  <datafield tag="260" ind1=" " ind2=" ">
    <subfield code="a">Koszalin,</subfield>
    <subfield code="c">1981.</subfield>
  </datafield>
  <datafield tag="500" ind1=" " ind2=" ">
    <subfield code="a">Dane z autopsji.</subfield>
  </datafield>
  <datafield tag="520" ind1=" " ind2=" ">
    <subfield code="a">Opracowanie jest sprawozdaniem cz&#x119;&#x15B;ciowym z realizacji prac badawczych wykonanych w roku 1981 w zakresie stan&#xF3;w granicznych element&#xF3;w belkowych z piaskobetonu, stan&#xF3;w granicznych element&#xF3;w p&#x142;ytowych z piaskobetonu oraz bada&#x144; towarzysz&#x105;cych.</subfield>
  </datafield>
  <datafield tag="650" ind1=" " ind2="0">
    <subfield code="a">Beton.</subfield>
  </datafield>
  <datafield tag="650" ind1=" " ind2="0">
    <subfield code="a">Konstrukcje budowlane.</subfield>
  </datafield>
  <datafield tag="650" ind1=" " ind2="0">
    <subfield code="a">Prefabrykaty.</subfield>
  </datafield>
  <datafield tag="700" ind1=" " ind2=" ">
    <subfield code="a">BARTNIK, Ewa.</subfield>
    <subfield code="d">1975 - 1987.</subfield>
    <subfield code="b">Wy&#x17C;sza Szko&#x142;a In&#x17C;ynierska w Koszalinie - Instytut Budownictwa L&#x105;dowego,</subfield>
    <subfield code="c">Zak&#x142;ad Konstrukcji Betonowych</subfield>
  </datafield>
  <datafield tag="700" ind1=" " ind2=" ">
    <subfield code="a">BIERUT, Waldemar.</subfield>
    <subfield code="d">1973 - 1996.</subfield>
    <subfield code="b">Wy&#x17C;sza Szko&#x142;a In&#x17C;ynierska w Koszalinie - Instytut Budownictwa L&#x105;dowego,</subfield>
    <subfield code="c">Zak&#x142;ad Konstrukcji Betonowych</subfield>
  </datafield>
  <datafield tag="700" ind1=" " ind2=" ">
    <subfield code="a">BORJANIEC, Waldemar.</subfield>
    <subfield code="d">1974 - 1996.</subfield>
    <subfield code="b">Wy&#x17C;sza Szko&#x142;a In&#x17C;ynierska w Koszalinie - Instytut Budownictwa L&#x105;dowego,</subfield>
    <subfield code="c">Zak&#x142;ad Konstrukcji Betonowych</subfield>
  </datafield>
  <datafield tag="700" ind1=" " ind2=" ">
    <subfield code="a">KAMYNO, Ryszard.</subfield>
    <subfield code="d">1979 - 1988.</subfield>
    <subfield code="b">Wy&#x17C;sza Szko&#x142;a In&#x17C;ynierska w Koszalinie - Instytut Budownictwa L&#x105;dowego,</subfield>
    <subfield code="c">Zak&#x142;ad Konstrukcji Betonowych</subfield>
  </datafield>
  <datafield tag="700" ind1=" " ind2=" ">
    <subfield code="a">KUNCER, Krzysztof.</subfield>
    <subfield code="d">1973 - 1986.</subfield>
    <subfield code="b">Wy&#x17C;sza Szko&#x142;a In&#x17C;ynierska w Koszalinie - Instytut Budownictwa L&#x105;dowego,</subfield>
    <subfield code="c">Zak&#x142;ad Konstrukcji Betonowych</subfield>
  </datafield>
  <datafield tag="700" ind1=" " ind2=" ">
    <subfield code="a">SZYSZKO, Adam.</subfield>
    <subfield code="d">1974 - 1984.</subfield>
    <subfield code="b">Wy&#x17C;sza Szko&#x142;a In&#x17C;ynierska w Koszalinie - Instytut Budownictwa L&#x105;dowego,</subfield>
    <subfield code="c">Zak&#x142;ad Konstrukcji Betonowych</subfield>
  </datafield>
  <datafield tag="942" ind1=" " ind2=" ">
    <subfield code="c">MN</subfield>
    <subfield code="2">UKD</subfield>
  </datafield>
  <datafield tag="999" ind1=" " ind2=" ">
    <subfield code="c">2178</subfield>
    <subfield code="d">2178</subfield>
  </datafield>
  <datafield tag="952" ind1=" " ind2=" ">
    <subfield code="0">0</subfield>
    <subfield code="1">0</subfield>
    <subfield code="4">0</subfield>
    <subfield code="7">0</subfield>
    <subfield code="a">BPK</subfield>
    <subfield code="b">BPK</subfield>
    <subfield code="o">NB-105/II</subfield>
    <subfield code="y">MN</subfield>
  </datafield>
</record>
